|
|
แสดงรายละเอียดบรรณานุกรม |
|
|
Brief Record
: Get Marc (ISO 2709)
: E-mail record
: |
|
|
| LEADER 00000nama 2200000uu 4500 | |||
| 001 198129 | |||
| 003 ULIBM | |||
| 008 040531s|||| th m m a000 0 tha d | |||
| 020 9789747538977 | |||
| 041 tha | |||
| 050 WS350 ต367 2550 ล.2 | |||
| 100 วินัดดา ปิยะศิลป์,บรรณาธิการ. | |||
| 245 ตำราจิตเวชเด็กและวัยรุ่น เล่ม 2/บรรณาธิการ,วินัดดา ปิยะศิลป์ และ พนม เกตุมาน. | |||
| 260 กรุงเทพฯ. ธนาเพรส. 2550. | |||
| 300 305 หน้า. | |||
| 650 1.จิตวิทยาเด็ก 2.จิตวิทยาวัยรุ่น 3.Adolescent Psychiatry 4.Child Psychiatry. | |||
| 995 001 | |||
| คุณยังไม่ได้ล็อกอิน คุณสามารถมีกิจกรรมร่วมกับเว็บไซต์ได้ แต่ต้องล็อกอินก่อน :: |
|
| สถานะ | |||||||||
| 1. | หนังสือทั่วไป | WS350 ต367 2550 ล.2 | On Shelf ขอยืม | ||||||
| 2. | หนังสือทั่วไป | WS350 ต367 2550 ล.2 | On Shelf ขอยืม | ||||||
| 3. | หนังสือทั่วไป | WS350 ต367 2550 ล.2 | On Shelf ขอยืม | ||||||
| [แสดง 3/3 รายการ] | |||||||||
BibComment |
| คอมเมนท์ทรัพยากรรายการนี้ |
|
|